00334nam a22001097a 4500020001500000082000800015245003000023260007700053300000900130490003700139650004800176 a955922400X a016 aBibliography on pineapple acolombo 7bThe sri lanka council for agricultural research policy (CARP) a105p aagrinet publication series no: 1 achemistry, agriculture, research, pineapple